Bravo - The Hits 2019 - Statistiken

Allgemein
  • Dieses Quiz wurde 228 mal gespielt
  • Das Durchschnittsergebnis liegt bei 18 aus 49
Antwortstatistiken
Song Interpret % Korrekt
Bad Guy Billie Eilish
87%
194 Länder Mark Forster
85%
Old Town Road Lil Nas X Feat. Billy Ray Cyrus
83%
Señorita Shawn Mendes Feat. Camila Cabello
81%
Sweet But Psycho Ava Max
78%
Shallow Lady Gaga & Bradley Cooper
76%
7 Rings Ariana Grande
74%
Vermissen JuJu Feat. Henning May
70%
Vincent Sarah Connor
61%
110 Capital Bra, Samra & Lea
59%
Dance Monkey Tones And I
57%
Bad Liar Imagine Dragons
54%
Someone You Loved Lewis Capaldi
52%
Nothing Breaks Like A Heart Mark Ronson Feat. Miley Cyrus
48%
Liar Camila Cabello
41%
Memories Maroon 5
40%
Circles Post Malone
40%
Kaum Erwarten Wincent Weiss
38%
Better Lena & Nico Santos
37%
10,000 Hours Dan + Shay & Justin Bieber
36%
Pyramiden Sido & Johannes Oerding
36%
Sucker Jonas Brothers
33%
Auf Das, Was Da Noch Kommt LOTTE & Max Giesinger
33%
SOS Avicii Feat. Aloe Blacc
32%
Cross Me Ed Sheeran Feat. Chance The Rapper & Pnb Rock
32%
Tu M'appelles Adel Tawil Feat. Peachy
28%
Let Me Down Slowly Alec Benjamin + Alessia Cara
27%
Giant Calvin Harris Feat. Rag'n'Bone Man
27%
Rescue Me OneRepublic
27%
Nur Mit Dir Shirin David & Xavier Naidoo
26%
Don't Call Me Up Mabel
25%
Dancing With A Stranger Sam Smith & Normani
25%
Hoch Tim Bendzko
24%
Loco Contigo DJ Snake, J Balvin & Tyga
19%
Higher Love Kygo & Whitney Houston
19%
Piece Of Your Heart Meduza Feat. Goodboys
18%
Back To The Start Michael Schulte
18%
Walk Me Home P!nk
17%
Power Over Me Dermot Kennedy
16%
Love On Myself Felix Jaehn Feat. Calum Scott
14%
3 Nights Dominic Fike
12%
All This Love Robin Schulz Feat. Harloe
12%
Narcotic Younotus & Janieck & Senex
11%
Ride It Regard
7%
G€Ld Seeed
7%
Open Up Matt Simons
6%
Stars Vize Feat. Laniia
6%
Calma Pedro Capó & Farruko
5%
The Git Up Blanco Brown
3%
Keine übereinstimmenden Quizze gefunden
Verteilung der Resultate
Anzahl Personen mit jedem Resultat
Perzentil nach korrekt beantworteten Fragen
Ihre Resultats-Entwicklung
Sie haben dieses Quiz noch nicht gespielt